Mô hình hóa và điều khiển thông minh động cơ DC Servo : Luận văn tốt nghiệp Cao học. Chuyên ngành Kỹ thuật điều khiển & Tự động hóa

Nghiên cứu mô phỏng động cơ DC Servo bằng công cụ Simulink/Matlab sau đó tiến hành thiết kế bộ điều khiển thích nghi RBF để khắc phục nhược điểm của phương pháp điều khiển kinh điển từ đó mở ra tiềm năng áp dụng cài đặt vào các thiết bi...

Fuld beskrivelse

Đã lưu trong:
Bibliografiske detaljer
Hovedforfatter: Đặng, Thanh Trúc
Format: Bog
Sprog:Undetermined
Udgivet: Cần Thơ Trường Đại học Cần Thơ 2018
Fag:
Tags: Tilføj Tag
Ingen Tags, Vær først til at tagge denne postø!
Thư viện lưu trữ: Trung tâm Học liệu Trường Đại học Cần Thơ
LEADER 01266nam a2200217Ia 4500
001 CTU_228714
008 210402s9999 xx 000 0 und d
082 |a 629.8 
082 |b Tr506 
088 |a 8520216 
100 |a Đặng, Thanh Trúc 
245 0 |a Mô hình hóa và điều khiển thông minh động cơ DC Servo : 
245 0 |b Luận văn tốt nghiệp Cao học. Chuyên ngành Kỹ thuật điều khiển & Tự động hóa 
245 0 |c Đặng Thanh Trúc ; Nguyễn Chí Ngôn (Cán bộ hướng dẫn) 
260 |a Cần Thơ 
260 |b Trường Đại học Cần Thơ 
260 |c 2018 
520 |a Nghiên cứu mô phỏng động cơ DC Servo bằng công cụ Simulink/Matlab sau đó tiến hành thiết kế bộ điều khiển thích nghi RBF để khắc phục nhược điểm của phương pháp điều khiển kinh điển từ đó mở ra tiềm năng áp dụng cài đặt vào các thiết bị điều khiển trong công nghiệp. 
650 |a Automatic control,Điều khiển tự động 
910 |b nthai 
980 |a Trung tâm Học liệu Trường Đại học Cần Thơ